Quizzes
Events
Quiz Creation
Community
Videos
Private Events
Remove Ads
Sign In
Join for FREE
Feedback
Dark Mode
Quiz Categories
Sports
Geography
Music
Movies
Television
Just For Fun
Miscellaneous
History
Literature
Language
Science
Gaming
Entertainment
Religion
Holiday
For Kids
Quiz Lab
Recent
Popular Today
Quiz Kudos Today
Editor Picks
Curator Picks
Quizzes by...
Day
Popularity
Type
Ratings
Length
Year
Community
Subscriptions
Recent Discussions
Orange Saloon
Badges
Playlists
Quests
Create
Leaderboards
Showdown
Live 5
Trivia Bingo
Activity
Puzzle Library
Sporcle Events
Private Events
Virtual Trivia
Globe League
Become a Host
Pub Owners
SporcleCon
Opinionation
Our Games
Videos
Blog
Mobile Apps
Partnerships
Remove Ads and Go Orange
Feedback
Sports
Athletes
MLB
NBA
NHL
NFL
Soccer
Sports Teams
WWE
NCAA
Football
Premier League
Basketball
Baseball
Hockey
Golf
Tennis
Cricket
Rugby
Auto Racing
Olympics
World Cup
Sports
Athletes
MLB
NBA
NHL
NFL
Soccer
Sports Teams
WWE
NCAA
Football
Premier League
Basketball
Baseball
Hockey
Golf
Tennis
Cricket
Rugby
Auto Racing
Olympics
World Cup
Random Quiz
Search Sporcle
×
Quiz Lab
Quiz Lab
Sports
Baseball
Type in answers that appear in a list
Type in answers that appear in a list
Classic
Best Score? Go Orange.
Pitchers with the most opening day starts Stats
Can you name the pitchers with the most opening day starts from 1919 to 2011?
By
amwoods13
7m
43 Questions
571 Plays
571 Plays
571 Plays
Comments
Comments
Give Quiz Kudos
Give Quiz Kudos
-
- Ratings
hide this ad
More Info
Replay
Link that replays current quiz
Next Quiz
Link to next quiz in quiz playlist
You Got
0%
They Got
Avg Score
39%
Avg Friend Score
Upgrade to see
Score Distribution
Jump to the score distribution portion of the page
Score
0/43
Timer
07:00
0
Plays Today
Number of Opening Day Starts
Pitcher
% Correct
16
Tom Seaver
84.6%
12
Randy Johnson
80.6%
13
Roger Clemens
75.5%
8
Greg Maddux
68.7%
14
Jack Morris
67.3%
14
Steve Carlton
66.9%
8
Pedro Martinez
66.5%
9
Nolan Ryan
66.4%
8
Tom Glavine
60.9%
11
Dennis Martinez
60.1%
9*
Roy Halladay
58.7%
10
Bob Gibson
54.6%
8*
CC Sabathia
46.8%
7
Whitey Ford
46.4%
12
Bert Blyleven
44.5%
10
Warren Spahn
42%
10
Juan Marichal
41.7%
13
Robin Roberts
41.2%
11
Ferguson Jenkins
39.1%
8
Dwight Gooden
39.1%
7
Curt Schilling
38.5%
9
Phil Niekro
38.2%
Number of Opening Day Starts
Pitcher
% Correct
7
Don Drysdale
37.8%
7
Mike Mussina
37.3%
8
Gaylord Perry
36.6%
7
Bob Feller
33.5%
9
Don Sutton
32.6%
8
Roy Oswalt
31.3%
7
Ron Guidry
31.3%
9*
Mark Buehrle
30.8%
9
Steve Rogers
29.4%
7
Mark Langston
18.9%
7
Mickey Lolich
18.7%
9
Rick Sutcliffe
16.6%
9
Brad Radke
16.1%
8
Charlie Hough
15.2%
7
Dennis Eckersley
12.3%
8
Kevin Appier
11.6%
7
Rick Reuschel
11%
7
Ben Sheets
11%
7
Bob Friend
10.5%
7
Mel Stottlemyre
10.5%
7
Billy Pierce
7%
Quiz Playlist
Details
Report
Send in Message
Add To Playlist
More Info:
Teams listed are only teams for which the pitcher has started on opening day. * indicates 2011 Opening Day starter.
Classic:
Type in answers that appear in a list
Quiz Source
Last Updated: Feb 16, 2017
Quiz Scoreboard
CHALLENGE
Sign Up to Join the Scoreboard
Show All
Scores
Hide
Comments
May contain spoilers
Recently Published
Presidents Visiting Landmarks
by Hejman
History
7m
An Introduction to Baseball
by treessimontrees
Sports
5m
Movies - When Are They Set?
by FPL_Elf
Movies
5m
More to Explore
Quiz From the Vault
Featured Blog Post
Where Did the Easter Bunny Come From?
hide this ad
You Might Also Like...
Tags
Baseball Quiz
Today's Top Quizzes in Sports
Browse Sports
hide this ad
Today's Top Quizzes in Baseball
Browse Baseball
Top Contributed Quizzes in Sports
1
Les meilleurs buteurs des matchs entre le PSG et l’OM
2
2022 World Cup Stars
3
FIFA Club World Cup Champions
4
Les entraîneurs de l'OM et du PSG au 21e siècle
5
Name the Premier League winners with different clubs
6
5-to-1: UK Sports Teams
7
La finale Lions - Afrique du Sud 2021
8
Criteria MLB: Left Handed Sluggers
9
AFC Teams Reveal (Wrong Answers Minefield)
10
England Test cricketers to play under Nasser Hussain
Explore More
Trending Topics
Anime
Marvel
Kpop
Crossword
Harry Potter
Disney
NBA
The Office
WWE
NFL
Country
Soccer
Puzzle
Song
Pokémon
hide this ad
More By:
amwoods13
Quiz
Plays
Rating
Category
Featured
Created
Colorful Song Click 'Em
101,380
4.41
Music
May 8, 2012
Song Occupations
80,425
4.28
Music
May 20, 2012
Classic Rock from A to Z
60,845
4.44
Music
Aug 5, 2013
Lead Singer Match: Classic Rock
51,328
4.43
Music
Jan 8, 2013
Best Picture Nominee Slot Machine
50,367
4.62
Movies
Jun 4, 2012
Go to Creator's Profile
Score Distribution
Quiz Creator Spotlight
amwoods13
Follow
Send a Message
Quizzes Created
-
Created Quiz Play Count
-
More By This Creator
Popular Quizzes Today
1
Find the US States - No Outlines Minefield
2
Find the Countries of Europe - No Outlines Minefield
3
The Countries of the World
4
Find the US States
5
Popular People in 1961
6
US States
7
Risky Map Clicking: Biggest States A-Z
8
Movies - When Are They Set?
More Sports Quizzes
2019/20 NBA Top Ten Scorers
Quiz Lab
Trending Quizzes
Risky Map Clicking: Least Populous States A-Z
1-10 Letter G Words
1-10 Letter F Words
Risky Map Clicking: Next State Alphabetically
Risky Map Clicking: Biggest States A-Z
Recently Updated
Leaping Animals
pecheneg
Reality TV Shows (A-Z)
bhenderson79
Rickey Henderson's Hall of Fame Teammates
pecheneg
Champions League XIs: Arsenal
pecheneg
Quick Pick: Celebrities in WWE's Hall of Fame
aduchscher
A-Z Keypad Blitz II
pecheneg
Multiple Oscar Actors
pecheneg
Mystery Phrase Blitz: Oscar 'Best Actors'
pecheneg
F. Scott Fitzgerald Novels
LTH
Pick 3 Villains
ddd62291
Trending Topics
Harry Potter
Disney
Anime
Marvel
Kpop
NBA
Crossword
Country
Song
NFL
Puzzle
WWE
Soccer
Pokémon
The Office
Your Account Isn't Verified!
In order to create a playlist on Sporcle, you need to verify the email address you used during registration. Go to your
Sporcle Settings
to finish the process.
Report this User
Report this user for behavior that violates our
Community Guidelines
.
Details:
Send Report
Go to the Sporcle.com Mobile Site →
Comments